Statistics for USA Sports Abbreviations

Click here to take the quiz!

General Stats

  • This quiz has been taken 29 times
  • The average score is 11 of 12

Answer Stats

AbbreviationDefinition% Correct
NFLNational Football League
100%
G (in NHL and MLS)Goal
96%
MLBMajor League Baseball
96%
MLSMajor League Soccer
96%
NBANational Basketball Association
96%
NHLNational Hockey League
96%
TD (in NFL)Touchdown
96%
OT (in NBA, NFL, NHL, and NCAA)Overtime
92%
FG (in NBA, NFL, and NCAA)Field Goal
88%
H (in MLB)Hit
83%
E (in MLB)Error
67%
NCAANational Collegiate Athletic Association
46%

Score Distribution

Percentile by Number Answered

Percent of People with Each Score

Your Score History

You have not taken this quiz